000 01029nam0a22002411 4500
001 rc\4461190
005 20260408003018.0
021 _aRU
_bРг960-58
035 _a(NLR Aleph) 008324951
090 _a8780485
_c8780485
100 _a20130416d1957 |||y0rusy50 ca
101 0 _arus
102 _aRU
105 _aa z |||||
200 1 _aИнструкция по эксплуатации пневматического ключа тип И-51-А
_fМ-во строит. и дор. машиностроения. Главстроймаш. Ордена Труд. Красного Знамени завод "Пневмостроймашина" им. Орджоникидзе
210 _aСвердловск
_cБ. и.
_d1957
215 _a12 с.
_cчерт.
_d20
712 0 2 _a"Пневмостроймашина", завод им. Орджоникидзе
_cСвердловск
_3RU\NLR\AUTH\8810167510
_9830846
801 0 _aRU
_bNLR
_gpsbo
801 1 _aRU
_bELAR
_2rusmarc
852 _aNLR
_j58-4/2381
942 _cBOOK
980 _aNB